Statistics for 7 Largest cities in Saudi Arabia

Click here to take the quiz!

General Stats

  • This quiz has been taken 61 times
  • The average score is 5 of 7

Answer Stats

Answer% Correct
Riyadh
100%
Mecca
97%
Jeddah
83%
Medina
83%
Dammam
61%
Ta'if
33%
Hofuf
6%

Score Distribution

Percentile by Number Answered

Percent of People with Each Score

Your Score History

You have not taken this quiz